La elaboración y utilización de libros de texto de ciencias naturales para la educación general básica de Costa Rica
Guardado en:
| Autor principal: | |
|---|---|
| Formato: | Desconocido |
| Publicado: |
San José, Costa Rica :
Editorial de la Universidad de Costa Rica,
|
| Materias: | |
| Etiquetas: |
Agregar Etiqueta
Sin Etiquetas, Sea el primero en etiquetar este registro!
|
MARC
| LEADER | 000000000a22000000004500 | ||
|---|---|---|---|
| 001 | 000074 | ||
| 022 | |a 0379-7082 | ||
| 100 | 1 | |a Villalobos Zamora, Luis Ricardo | |
| 245 | 1 | 0 | |a La elaboración y utilización de libros de texto de ciencias naturales para la educación general básica de Costa Rica |
| 260 | |a San José, Costa Rica : |b Editorial de la Universidad de Costa Rica, | ||
| 310 | |a semestral | ||
| 650 | 4 | |a CIENCIAS NATURALES | |
| 650 | 4 | |a PEDAGOGICA | |
| 650 | 4 | |a LIBROS DE TEXTO | |
| 773 | 0 | |t Educación: Revista de la Universidad de Costa Rica | |
| 773 | 0 | |g 14 | |
| 773 | 0 | |g 2 | |
| 773 | 0 | |g 1990 | |
| 773 | 0 | |g 75-83 | |
| 999 | |c 823 |d 823 | ||
